000 01399nam0a2200349 4500
001 RU\NLR\bibl\1790634
005 20260408162805.0
010 _a978-5-7475-0078-5
021 _aRU
_b2011-1670и
_9223и
035 _a(NLR Aleph) 001781340
090 _a1699582
_c1699582
100 _a20110720d2011 |||y0rusy50 ca
101 0 _arus
102 _aRU
105 _aa |||||||||
200 1 _aДжотто ди Бондоне, 1276-1336
_f[авт. текста: С. Королева]
210 _aМосква
_cДирект-Медиа
_cКомсомольская правда
_d2011
215 _a48 с.
_cцв. ил.
_d32
225 1 _aВеликие художники
_vт. 74
300 _aАвт. указан на обороте тит.л.
320 _aБиблиогр. в примеч.: с. 48 (3 назв.)
600 0 _aДжотто ди Бондоне
_fок.1266 - 1337
_3RU\NLR\auth\66372906
_9988214
686 _aЩ143(4Ит)42-8Джотто
700 1 _4070
_8rus
_7ca
_aКоролева
_bС. А.
_cписатель, киносценарист
_gСветлана Алексеевна
_3RU\NLR\AUTH\7788458
_971386
702 0 _4570
_8rus
_7ca
_aДжотто ди Бондоне
_fок.1266-1337
_3RU\NLR\AUTH\7768517
_951445
801 0 _aRU
_bNLR
_c20110720
_gRCR
801 1 _aRU
_bNLR
_c20110720
942 _cBOOK
980 _aNB
980 _aNBR